000
00340pab a2200145 454500
008
180718b1998 xxu||||| |||| 00| 0 eng d
100
_a
Singh, Satyindra
245
_a
Governor's role: is he an agent of the centre?
260
_c
1998
300
_a
p.8
362
_a
6 Apr
650
_a
Governors
773
_a
Statesman
909
_a
38497
999
_c
38497
_d
38497